00536 2200205 4500001002100000005001700021006001900038008004100057020002200098035002500120041000700145082001200152090001800164100004300182245002700225260003900252300002300291990000800314990000800322INLIS00000000000031520140221155653.0a ||| | 180719| ||| | id  a978-979-16607-0-9 a0010-031300000000315 aid0 a297.232 a297.232 BAZ b0 aSyaikh Abdul Aziz bin Abdillah bin Baz00aBerdamai dengan Yahudi aAmbonbMaktabah Al Manshurahc2007 axv, 141 hal, 21 cm a297 a268